1150 1308 1696 1416 1682 1766 1202 1849 1591 1062 1765 1486 1071 1294 1331 1201 1688 1838 1056 1633 1902 1976 1958 1215 1319 1967 1210 1092 1276 1993 1958 1089 1704 1028 1180 1498 1059 1186 1298 1565 1679 1701 1985 1171 1178 1869 1358 1782 1885 1822 1472 1148 1794 1549 1737 1708 1645 1305 1200 1892 1641 1515 1719 1061 1107 1668 1203 1110 1150 1088 1773 1302 1204 1047 1084 1784 1700 1724 1596 1021 1669 1282 1505 1870 1051 1543 1754 1241 1453 1363 1228 1262 1446 1345 1771 1746 1055 1312 1419 BCNSPRNW ULIB Ver.6.0+V

เปลี่ยนเป็นภาษาไทย

Change to English
 แสดงรายละเอียดบรรณานุกรม
  กลับหน้าหลัก

Brief Record : Get Marc (ISO 2709) : E-mail record : QR code < ปิดหน้าต่าง
LEADER : 00000nam 2200000uu 4500
001    13399112749
003     ULIB
008    110908s2544||||th 000 0 tha d
020    9748827623
050 04 LB1028^bช514ว 2544
100 0  ชาตรี สำราญ
245 10 วิจัยในชั้นเรียน :^bรายงานผลการพัฒนาทักษะการคิด-เขียน โดยวิธีการสอนแบบ "สอนถามตามสภาพความเป็นจริง" /^cชาตรี สำราญ
260    กรุงเทพฯ :^bมูลนิธิสดศรี-สฤษดิ์วงศ์,^c2544
300    52 หน้า ;^c21 ซม
650  7 การเรียนรู้
650  7 การสอน
650  7 นักเรียนประถมศึกษา
945    ^p40^l0^i019563
995    ทศพร
999 ^a ทศพร
รายการนี้ยังไม่มีแท็ก
คุณยังไม่ได้ล็อกอิน คุณสามารถมีกิจกรรมร่วมกับเว็บไซต์ได้ แต่ต้องล็อกอินก่อน ::
  ล็อกอิน

รายการสื่อสารสนเทศ

ลำดับที่ ประเภท เลขเรียก/บาร์โค้ด สถานที่ สถานะ
- ไม่พบข้อมูล -

รายการใกล้เคียง
    ผู้แต่ง [ชาตรี สำราญ]

    หัวเรื่อง [การเรียนรู้]
    หัวเรื่อง [การสอน]

BibComment


ยังไม่เคยถูกคอมเมนท์

คอมเมนท์ทรัพยากรรายการนี้
  คอมเมนท์: วิจัยในชั้นเรียน ..


 Copyright 2026. Bcnsprnw @Library